Stabiblity, abundance, and niche width in the beetle community inhabiting cow dung (Registro nro. 13236)

Detalles MARC
000 -CABECERA
Campo de control 004050000a22001330004500
090 ## - CLASIFICACIÓN LOCAL
Colección AR
Consecutivo 04138
041 0# - IDIOMA
Código de idioma para texto/pista de sonido o título separado
100 1# - ASIENTO PRINCIPAL--NOMBRE PERSONAL
Nombre personal Hanski, Iikka
245 10 - MENCION DE TITULO
Título Stabiblity, abundance, and niche width in the beetle community inhabiting cow dung
500 ## - NOTA GENERAL
Nota general <Literatura de escarabajos coprófagos>
700 1# - ASIENTO SECUNDARIO - NOMBRE PERSONAL
Nombre personal Koskela, Hannu
773 1# - Item fuente:
Título Oikos
Descripción física 3
Paginas del Articulo 290-298
Lugar, editorial y fecha de publicación 1978
Información sobre la relación 31
942 ## - ELEMENTOS ADICIONALES (KOHA)
Tipo de ítem Artículo
Existencias
Withdrawn status Lost status Damaged status No para préstamo Colección Ubicación Permanente Ubicación actual Fecha de adquisición Fuente de Valor Datos de publicación Seriada Total Checkouts Número topográfico Inventario / Código de Barras Date last seen Ejemplar Price effective from Forma de adquisición Tipo de material
      No para Préstamo Hemeroteca Bogotá Bogotá 02/11/2006 Trujillo, Diego Fuera de circulación   AR 04138 023571 25/03/2015 1 25/03/2015   Artículo